An Outline of American History / (Record no. 187583)
[ view plain ]
| 000 -LEADER | |
|---|---|
| fixed length control field | 00589 a2200145 4500 |
| 003 - CONTROL NUMBER IDENTIFIER | |
| control field | Nust |
| 005 - DATE AND TIME OF LATEST TRANSACTION | |
| control field | 20230213124401.0 |
| 040 ## - CATALOGING SOURCE | |
| Transcribing agency | Nust |
| 082 ## - DEWEY DECIMAL CLASSIFICATION NUMBER | |
| Classification number | 973,OUT |
| 245 ## - TITLE STATEMENT | |
| Title | An Outline of American History / |
| 300 ## - PHYSICAL DESCRIPTION | |
| Extent | 148:p |
| 505 ## - FORMATTED CONTENTS NOTE | |
| Formatted contents note | The Colonial Period (Page-5), The Winning of Independence (Page-27), The Formation of a National Government (Page-46), Westward Expansion and Regional Differences (Page-65), Sectional Conflict (Page-81), The Era of Expansion and Reform (Page-102), America in the Modern World (Page-122). |
| 650 ## - SUBJECT ADDED ENTRY--TOPICAL TERM | |
| Topical term or geographic name entry element | American History |
| 9 (RLIN) | 109008 |
| 942 ## - ADDED ENTRY ELEMENTS (KOHA) | |
| Source of classification or shelving scheme | |
| Koha item type | Book |
| Withdrawn status | Lost status | Source of classification or shelving scheme | Damaged status | Not for loan | Permanent Location | Current Location | Shelving location | Date acquired | Shelving control number | Full call number | Barcode | Date last seen | Price effective from | Koha item type | Public note |
|---|---|---|---|---|---|---|---|---|---|---|---|---|---|---|---|
| Military College of Signals (MCS) | Military College of Signals (MCS) | General Stacks | 12/12/2016 | History | 973,OUT | MCS20767 | 12/08/2016 | 12/12/2016 | Book | Almirah No.62, Shelf No.6 | |||||
| Military College of Signals (MCS) | Military College of Signals (MCS) | General Stacks | 12/12/2016 | History | 973,OUT | MCS22010 | 12/08/2016 | 12/12/2016 | Book | Almirah No.62, Shelf No.6 |
